| 000 | 00410nam a22001577a 4500 | ||
|---|---|---|---|
| 003 | SGT | ||
| 020 | _a9789352301706 | ||
| 082 |
_a615.6 _bP24S |
||
| 100 | _aSINGH, AKHILESH. VIKRAM | ||
| 245 | _aPOLYSACCHARIDES IN ADVANCED DRUG DELIVERY | ||
| 260 |
_aHYDERABAD _bPHARMA MED PRESS _c2024 |
||
| 300 | _a198 | ||
| 650 | _aDRUG DELIVERY | ||
| 653 | _aPOLYSACCHARIDES , ADVANCED, DRUG, DELIVERY | ||
| 942 |
_2ddc _cBK |
||
| 999 |
_c26954 _d26954 |
||